00668nam a22001697a 4500003000900000008004100009040007100050082001800121100002800139245004400167260004500211300002600256505014800282650002400430650002200454650002200476AR-CdUCM190305b ||||| |||| 00| 0 spa d aMUNICIPALIDAD PROVINCIAL DEL CUSCOcBIBLIOTECA MUNICIPAL DEL CUSCO a129.66 /bO73 aOrtega y Gasset, José aLa caza y los toros :bCon una lamina / aMadrid : bRevista de Occidente, c1968. a192 paginas ;c18 cm. aContenido :El problema de la diversión - Caza y felicidad -- Los toros -- Sobre el vuelo de las aves anilladas -- Vacaciones de humanidad ... aEnsayos españoles aCorridas de toros aÉtica y razón